00942nam a2200277Ia 4500003000400000005001700004008004100021020001500062040001800077041000800095082002300103100003100126245007100157250001200228260007000240300003000310650002800340650001900368650004400387650002600431700002700457700002300484942002700507999001900534952011100553OSt20250630134806.0210716s1999 xx 000 0 und d a8173660662 cAIMIT LIBRARY aeng a005.7402 21bYARR aYarger, Randy Jay.9216602 aMy sql and msql /cBy Randy Jay Yarger, George Reese and Tim King. a1st ed. aNew Delhi :bShroff Publishers and Distributors Pvt Ltd ,c1999. axv,487,6p.;bPBc22.5 cm. aDatabase design9216603 aMy sql9216604 aSql according to mysql and msql9216605 aJava and jdbc9216606 aReese, George.9216607 aKing, Tim.9216608 2ddccBKk005.7402 YARR c183983d183983 001040708MCAaAIMITbAIMITd2021-07-16l0o005.7402 YARRpMCA03491r2025-07-21 00:00:00w2021-07-16yBK